El nacimiento de la america española /

Guardado en:
Autor Principal: Teran, Juan B
Formato: Libro
Publicado: Tucumán : , 1927
Materias:
Etiquetas: Agregar Etiqueta
Sin Etiquetas, Sea el primero en etiquetar este registro!
LEADER 00449nam a22001695a 4500
001 CEM.cems006228
005 20060214000000.0
008 130507s1927##################000#0#####d
003 CEMS
082 0 4 |a 980 
100 1 |a Teran, Juan B 
245 1 0 |a El nacimiento de la america española / 
260 |a Tucumán :  |b ,  |c 1927 
300 |a 338 p. 
653 |a Historia 
653 |a Historia de america 
859 |a CEMS  |b BIB. CEMS - 11 de abril  |h 980  |i T27  |p 9229.81  |t Ej.1